Yılın basın fotoğrafları '16 (Record no. 3050)

MARC details
000 -BAŞLIK
Sabit Uzunlukta Kontrol Alanı 00813na a2200241 4500
001 - KONTROL NUMARASI
Denetim Alanı 18077
003 - KONTROL NUMARASI IDENTIFIER
Denetim Alanı MIRAKIL
005 - SON İŞLEM TARİHİ VE ZAMANI
Denetim Alanı 20181213154918.0
008 - SABİT-BOY VERİ ELEMANLARI - GENEL BİLGİLER
Sabit Uzunlukta Kontrol Alanı 161110b tu 000 0
040 ## - KATALOGLAMA KAYNAK
Orijinal Kataloglama Ajansı Milas
Kataloglama Dili tur
Metne Dönüştürmek Ajansı TR-AnCHP
041 ## - DİL KODU
Metin / Ses Parça Veya Ayrı Başlığın Dil Kodu tur
-- eng
082 ## - DEWEY ONLU SINIFLANDIRMA NUMARASI
Sınıflandırma Numarası 070.4909561
Ürün Numarası Y44 [2016]
090 ## - SINIFLAMA NUMARASI
Sınıflama Numarası 070.4909561 Y44 [2016]
245 ## - BAŞLIK TABLOSU
Başlık Yılın basın fotoğrafları '16
Başlığın Kalan = Press photos of the year '16
Sorumluluk Tablosu, Vb Türkiye Foto Muhabirleri Derneği
246 ## - UNVAN FORM VARYING
Başlık Doğru / Kısa Başlığı Press photos of the year '16
260 ## - YAYIN, DAĞITIM, VB
Yayın, Dağıtım, Vb Yeri Ankara
Yayıncı, Dağıtıcı, Vs Adı Türkiye Foto Muhabirleri Derneği
Yayın, Dağıtım, Vb Tarihi [2016]
300 ## - FİZİKSEL TANIM
Kapsam [200] s.
Diğer Fiziksel Ayrıntıları rnkl. res.
Boyutlar 30 sm.
546 ## - DİL NOTU
Dil Notu Metin Türkçe ve İngilizcedir.
650 ## - KONU KATMA GİRİŞ - TOPİKAL DÖNEM
Topikal Süreli Veya Coğrafi Ad Giriş Elemanı Basın fotoğrafçılığı
Coğrafi Alt Bölümü Türkiye
710 ## - KATMA GİRİŞ - KURUMSAL ADI
Giriş Elemanı Olarak Kurumsal Ad Veya Yargı Alanı Adı Türkiye Foto Muhabirleri Derneği
740 ## - KATMA GİRİŞ - KONTROLSUZ İLGİLİ / ANALİTİK BAŞLIK
Kontrol Edilmeyen / İlgili Analitik Başlıktaki Press photos of the year '16
942 ## - EKLENDİ GİRİŞ ELEMANLARI (KOHA)
Sınıflandırma Veya Raf Düzeni Kaynak
Koha Öğesi Türü Books
999 ## - SİSTEM KONTROL NUMARALARI (KOHA)
Koha Biblionumber 3050
Koha Biblioitemnumber 3050
Holdings
Kalıcı Konum Mevcut Konum Edinme Tarihi Edinim Kaynak Toplam Check-Out'Lar Tam Çağrı Numarası Barkod Tarih Son Görülme İtibaren Geçerli Fiyatlar Koha Öğesi Türü Kopya Sayısı
CHP Kütüphanesi CHP Kütüphanesi 11/10/2016 Bağış   070.4909561 Y44 [2016] 009326 11/10/2016 11/10/2016 Books  
CHP Kütüphanesi CHP Kütüphanesi 11/10/2016 Bağış   070.4909561 Y44 [2016] 009327 11/10/2016 11/10/2016 Books k.2